Organisational Development/ (Record no. 196758)

MARC details
000 -LEADER
fixed length control field 00525nam a22001817a 4500
005 - DATE AND TIME OF LATEST TRANSACTION
control field 20230801124515.0
010 ## - LCCN (DPL NO)
LC control number ENG-137580
020 ## - INTERNATIONAL STANDARD BOOK NUMBER
Terms of availability 120.00
International Standard Book Number 9789380657011
035 ## - SYSTEM CONTROL NUMBER
System control number EN-121112
037 ## - SOURCE OF ACQUISITION
Stock number DBAD/PUB
082 ## - DEWEY DECIMAL CLASSIFICATION NUMBER
Classification number 658.986
100 ## - MAIN ENTRY--PERSONAL NAME
Personal name Menaka, R.
245 ## - TITLE STATEMENT
Title Organisational Development/
Statement of responsibility, etc by R.Menaka
Medium ENG
260 ## - PUBLICATION, DISTRIBUTION, ETC. (IMPRINT)
Place of publication, distribution, etc Madurai
Name of publisher, distributor, etc Shanlax Computers
Date of publication, distribution, etc 2009
270 ## - ADDRESS
Address 61, T.P.K. Main Road, Vasantha Nagar, Madurai-625003
300 ## - PHYSICAL DESCRIPTION
Extent 224p.
Dimensions 20cm(pbk)
942 ## - ADDED ENTRY ELEMENTS (KOHA)
Source of classification or shelving scheme Dewey Decimal Classification
Item type English Books
Classification part 658.986
Call number suffix MEN
Holdings
Withdrawn status Lost status Not for loan Collection code Home library Current library Date acquired Source of acquisition Cost, normal purchase price Full call number Barcode Copy number Cost, replacement price Koha item type
      Non-fiction Vinoba Puri Vinoba Puri 31/07/2023 DBAB/PUB 120.00 658.986 MEN EN-121112 1 120.00 English Books

© Delhi Public Library
Hit Counter
free hit counter